00570nam a2200181Ia 4500003000900000008004100009020001800050040001600068080001800084245011400102260004300216300001300259650004100272650002100313650001800334650000800352700002800360IN-BaIIA211028s9999 xx 000 0 eng d a90-277-1861-X cIIA Library a523.92bSTU-2 0aPhysics of the Sunbvol. 2, the solar interiorcedited by Peter A Sturrock  aDordrecht,bD. Reidel Publishingc1986 ax, 385p. aAstronomy and astrophysics thesaurus aSolar - interior aSolar physics aSun aSturrock, Peter A., ed.